Logos Through the Ages: Internet Explorer Quiz Stats

 Plays Quiz Updated Mar 7, 2018

Challenge
Share
Tweet
Score 0/9 Timer 02:00
4 Plays Today
% Correct
???
96.9%
???
93%
???
74.5%
???
73.3%
???
54.9%
???
52.3%
???
30.6%
???
23.4%
???
20.8%

You're not logged in!

Compare scores with friends on all Sporcle quizzes.
OR
Log In

You Might Also Like...

Show Comments

Extras

Top Quizzes Today


Score Distribution

Your Account Isn't Verified!

In order to create a playlist on Sporcle, you need to verify the email address you used during registration. Go to your Sporcle Settings to finish the process.

Report this User

Report this user for behavior that violates our Community Guidelines.

Details: